Loading...
| Fine Arts - Auditory Fine Arts | 1 | 0.00 | 0% | 0% | 0% |
| Fine Arts - Other Fine Arts | 4 | 10.00 | 100% | 0% | 0% |
| Fine Arts - Visual Fine Arts | 3 | 6.67 | 67% | 0% | 0% |
| Geography | 1 | 10.00 | 100% | 0% | 0% |
| History - American History | 3 | 13.33 | 100% | 33% | 0% |
| History - Ancient/Other History | 3 | 16.67 | 100% | 67% | 0% |
| History - European History | 2 | 20.00 | 100% | 100% | 0% |
| History - World History | 1 | 10.00 | 100% | 0% | 0% |
| Literature - American Literature | 2 | 10.00 | 50% | 50% | 0% |
| Literature - British Literature | 4 | 10.00 | 100% | 0% | 0% |
| Literature - European Literature | 3 | 13.33 | 100% | 33% | 0% |
| Literature - World Literature | 3 | 3.33 | 33% | 0% | 0% |
| Mythology | 1 | 10.00 | 100% | 0% | 0% |
| Other Academic | 1 | 30.00 | 100% | 100% | 100% |
| Philosophy | 3 | 6.67 | 67% | 0% | 0% |
| Religion | 1 | 10.00 | 100% | 0% | 0% |
| Science - Biology | 2 | 5.00 | 50% | 0% | 0% |
| Science - Chemistry | 1 | 0.00 | 0% | 0% | 0% |
| Science - Other Science | 5 | 6.00 | 60% | 0% | 0% |
| Science - Physics | 2 | 0.00 | 0% | 0% | 0% |
| Social Science | 5 | 12.00 | 80% | 40% | 0% |